000 00665nam a2200205 a 4500
001 000043848
005 20201002045013.0
008 140507s1977 sp 000 0 spa d
020 _a842061663X
040 _aDO-SdBNP
_bspa
_cBNPHU
100 1 _aAsimov, Isaac
_947685
240 1 0 _aPlease explain
245 1 0 _aCien preguntas básicas sobre la ciencia. /
_cIsaac Asimov; traducción Miguel Paredes Larrucea.
260 _aMadrid, :
_bAlianza editorial,
_c1977.
300 _a205 p. ;
_c18 cm.
490 1 _aCiencia y técnica
_v663
500 _aLibro de bolsillo
700 1 2 _aParedes Larrucea, Miguel
_etrad.
_967182
830 0 _aCiencia y técnica
_n663
_971710
999 _c43337
_d43337